LIBRARY ONLINE CATALOGUE

From exegesis to exposition : (Record no. 9949)

MARC details
000 -LEADER
fixed length control field 00719nam a22002172 4500
001 - CONTROL NUMBER
control field 0000023735
005 - DATE AND TIME OF LATEST TRANSACTION
control field 20151217152247.0
008 - FIXED-LENGTH DATA ELEMENTS--GENERAL INFORMATION
fixed length control field 130320s xx 000 0 eng d
020 ## - INTERNATIONAL STANDARD BOOK NUMBER
International Standard Book Number 0801021715 :
040 ## - CATALOGING SOURCE
Original cataloging agency KABU
Transcribing agency KABU
100 1# - MAIN ENTRY--PERSONAL NAME
Personal name Chisholm, Robert B.
-- 0000182465
245 10 - TITLE STATEMENT
Title From exegesis to exposition :
Remainder of title a practical guide to using biblical Hebrew /
Statement of responsibility, etc. Robert B. Chisholm Jr.
250 ## - EDITION STATEMENT
Edition statement 1st ed.
260 ## - PUBLICATION, DISTRIBUTION, ETC. (IMPRINT)
Place of publication, distribution, etc. Michigan :
Name of publisher, distributor, etc. Baker books,
Date of publication, distribution, etc. 1999.
300 ## - PHYSICAL DESCRIPTION
Extent 304 p.
650 #0 - SUBJECT ADDED ENTRY--TOPICAL TERM
Topical term or geographic name as entry element Bible. O. T.
General subdivision language, style.
-- 0000183418
650 #0 - SUBJECT ADDED ENTRY--TOPICAL TERM
Topical term or geographic name as entry element Bible. O. T
General subdivision criticis, interpretations. etc.
-- 0000183419
852 1# - LOCATION
-- p2000 KES
908 ## - PUT COMMAND PARAMETER (RLIN)
Put command parameter 130320
950 ## - LOCAL HOLDINGS (RLIN)
-- 1
Holdings
Withdrawn status Lost status Source of classification or shelving scheme Not for loan Home library Current library Date acquired Total Checkouts Full call number Barcode Date last seen Price effective from Koha item type
    Library of Congress Classification   Kabarak, Main Campus Kabarak, Main Campus 17/12/2015   BS1171.2 .C45 1999 c.1 014668 02/08/2024 17/12/2015 General Collection